[Event "14th ECh U20 Girls"]
[Site "Tallinn EST"]
[Date "1997.09.13"]
[Round "4"]
[White "Cmilyte, Viktorija"]
[Black "Lomineishvili, Maia"]
[Result "0-1"]
[WhiteElo "2220"]
[BlackElo "2350"]
[EventDate "1997.09.10"]
[PlyCount "112"]

1.d4 Nf6 2.c4 e6 3.Nc3 Bb4 4.Qc2 O-O 5.a3 Bxc3+ 6.Qxc3 b6 7.Bg5 c5 8.dxc5 
bxc5 9.e3 Nc6 10.Bd3 Qa5 11.Bxf6 gxf6 12.Ne2 Rb8 13.O-O-O Qxc3+ 14.Nxc3 
Na5 15.Kc2 Kg7 16.Ne4 Nb3 17.h4 Bb7 18.h5 h6 19.Rh3 Bxe4 20.Bxe4 Rfd8 21.
Kc3 Rb6 22.Rhh1 Kf8 23.Bc2 Na5 24.b3 Ke7 25.g4 Rdb8 26.Rb1 Nb7 27.f4 Ra6 
28.Ra1 Nd6 29.b4 Rxa3+ 30.Rxa3 cxb4+ 31.Kd4 bxa3 32.Ra1 Rb2 33.Bd3 a2 34.
c5 Nb7 35.Bc4 Rd2+ 36.Kc3 Rg2 37.c6 dxc6 38.Bxa2 Rxg4 39.Bc4 a5 40.Ba6 Nd6
41.Rxa5 Rg3 42.Kd2 f5 43.Be2 Rh3 44.Ra7+ Kf6 45.Rc7 Ne4+ 46.Kd3 c5 47.Rc8 
Rh2 48.Rc7 Rf2 49.Rc6 Ke7 50.Rc7+ Ke8 51.Rc8+ Kd7 52.Rf8 c4+ 53.Kxc4 Ke7 
54.Rh8 Rxe2 55.Rxh6 Rxe3 56.Rh8 Rh3 0-1

[Event "14th ECh U20 Girls"]
[Site "Tallinn EST"]
[Date "1997.09.13"]
[Round "4"]
[White "Zielinska, Marta"]
[Black "Radziewicz, Iweta"]
[Result "1/2-1/2"]
[WhiteElo "2335"]
[BlackElo "2220"]
[EventDate "1997.09.10"]
[PlyCount "144"]

1.d4 e6 2.Nf3 c5 3.e3 d5 4.b3 Nf6 5.Bd3 b6 6.Qe2 Be7 7.O-O O-O 8.Bb2 Nbd7 
9.Nbd2 Bb7 10.Rfd1 Qc7 11.Rac1 Rac8 12.c4 Qb8 13.a3 Rfd8 14.cxd5 exd5 15.
Ba6 Bxa6 16.Qxa6 b5 17.a4 bxa4 18.Qxa4 c4 19.Qa2 cxb3 20.Nxb3 Nb6 21.Na5 
Qa8 22.Ne5 Rxc1 23.Rxc1 Rc8 24.Rxc8+ Nxc8 25.Nac6 Qb7 26.h3 h6 27.Qa5 Qb6 
28.Nxe7+ Nxe7 29.Qxb6 axb6 30.Kf1 Nc8 31.Ba3 Ne8 32.Ke2 f6 33.Nd3 Kf7 34.
Nf4 Nc7 35.Kd3 f5 36.f3 Ke8 37.g4 fxg4 38.hxg4 g5 39.Ne2 Kf7 40.e4 Ne7 41.
Ng3 Ng6 42.Nf5 Nf4+ 43.Ke3 Nb5 44.Bb4 Ke6 45.Ng7+ Kf7 46.Nf5 Ke6 47.Bf8 h5
48.gxh5 Nxh5 49.Be7 Nf6 50.Bd8 Nc3 51.Ng3 b5 52.e5 Nh7 53.Nh5 Nd1+ 54.Kd2 
Nb2 55.Kc3 Nc4 56.Kb4 Kd7 57.Bf6 Nd2 58.f4 gxf4 59.Nxf4 Kc6 60.Bg7 Ne4 61.
Ng6 Nhg5 62.Ne7+ Kd7 63.Nf5 Ke6 64.Ne3 Nf3 65.Nc2 Ng3 66.Bf6 Nf5 67.Kc5 b4
68.Nxb4 N5xd4 69.Nxd5 Nb3+ 70.Kb4 Kxd5 71.Kxb3 Nxe5 72.Bxe5 Kxe5 1/2-1/2

[Event "14th ECh U20 Girls"]
[Site "Tallinn EST"]
[Date "1997.09.13"]
[Round "4"]
[White "Mashinskaya, Yulia"]
[Black "Tkeshelashvili, Sopio"]
[Result "1/2-1/2"]
[WhiteElo "2265"]
[BlackElo "2270"]
[EventDate "1997.09.10"]
[PlyCount "46"]

1.d4 d5 2.Nc3 Bf5 3.Bg5 c6 4.e3 Nd7 5.Nf3 h6 6.Bf4 e6 7.Bd3 Bxd3 8.cxd3 
Ngf6 9.O-O Be7 10.Rb1 O-O 11.h3 Ne8 12.b4 Bd6 13.Bxd6 Nxd6 14.a4 Qe7 15.e4
Rfc8 16.Qe2 Qd8 17.Rfc1 Nf8 18.Ne5 a5 19.bxa5 Qxa5 20.Nf3 Ra7 21.e5 Nf5 
22.Rb3 Rb8 23.Rcb1 Qa6 1/2-1/2

[Event "14th ECh U20 Girls"]
[Site "Tallinn EST"]
[Date "1997.09.13"]
[Round "4"]
[White "Kononenko, Tatiana"]
[Black "Jap Tjoen San, Linda"]
[Result "1-0"]
[WhiteElo "2275"]
[BlackElo "2175"]
[EventDate "1997.09.10"]
[PlyCount "93"]

1.c4 e6 2.Nf3 Nf6 3.g3 b6 4.Bg2 Bb7 5.O-O c5 6.Nc3 Be7 7.d4 cxd4 8.Qxd4 
O-O 9.e4 d6 10.b3 a6 11.Ba3 Nbd7 12.Qe3 Qc7 13.Rfd1 Nc5 14.Nd4 Rfd8 15.
Rac1 Rac8 16.h3 Qb8 17.Bb2 Qa8 18.Re1 Ne8 19.f4 h6 20.Kh2 Qb8 21.Rc2 Ba8 
22.f5 e5 23.Nf3 Nf6 24.Nd2 b5 25.Nd5 Bxd5 26.cxd5 Ne8 27.Rec1 Bg5 28.Qe2 
Nd7 29.Rc6 Qb7 30.h4 Bxd2 31.Qxd2 Nc5 32.Ba3 Rxc6 33.dxc6 Qb6 34.Bb4 Rc8 
35.Ba5 Qa7 36.b4 Na4 37.c7 Qb7 38.Qd5 Qxd5 39.exd5 Kf8 40.f6 Nxc7 41.Rxc7 
Rxc7 42.Bxc7 gxf6 43.Bxd6+ Ke8 44.Bc5 Nc3 45.d6 e4 46.Bd4 Nxa2 47.Bh3 1-0

[Event "14th ECh U20 Girls"]
[Site "Tallinn EST"]
[Date "1997.09.13"]
[Round "4"]
[White "Werner, Isabel"]
[Black "Ciganikova, Andrea"]
[Result "1-0"]
[WhiteElo "2220"]
[BlackElo "2140"]
[EventDate "1997.09.10"]
[PlyCount "85"]

1.e4 c5 2.c3 d5 3.exd5 Qxd5 4.d4 Nf6 5.Nf3 Bg4 6.Nbd2 Nc6 7.Bc4 Bxf3 8.
gxf3 Qd6 9.Qb3 e6 10.dxc5 Qc7 11.Qb5 a6 12.Qb6 Qxb6 13.cxb6 Bc5 14.Ne4 
Nxe4 15.fxe4 Bxb6 16.Bf4 O-O-O 17.Rg1 g6 18.b4 Bc7 19.Bxc7 Kxc7 20.f4 e5 
21.f5 Rd7 22.Rd1 Rhd8 23.Rxd7+ Rxd7 24.Ke2 Nd8 25.Rg3 gxf5 26.exf5 Rd6 27.
Ke3 h6 28.Ke4 f6 29.Rh3 h5 30.Rxh5 Rc6 31.Rh7+ Kc8 32.Kd3 Rd6+ 33.Kc2 Nc6 
34.Be6+ Kb8 35.Rd7 Rxd7 36.Bxd7 Ne7 37.Be6 Kc7 38.h4 Kd8 39.Kd3 Nc6 40.Bd5
Ke7 41.Bxc6 bxc6 42.c4 Kf7 43.a4 1-0

[Event "14th ECh U20 Girls"]
[Site "Tallinn EST"]
[Date "1997.09.13"]
[Round "4"]
[White "Smajlovic, Lejla"]
[Black "Abbasova, Aiguioun"]
[Result "0-1"]
[WhiteElo "2130"]
[BlackElo "2190"]
[EventDate "1997.09.10"]
[PlyCount "82"]

1.e4 c5 2.Nf3 d6 3.d4 cxd4 4.Nxd4 Nf6 5.Nc3 g6 6.Be3 Bg7 7.f3 O-O 8.Bc4 
Nc6 9.Bb3 Bd7 10.Qd2 Ne5 11.O-O-O Rc8 12.Kb1 Nc4 13.Bxc4 Rxc4 14.h4 h5 15.
Qe2 Qc8 16.Rd2 Re8 17.Qf2 a6 18.Nde2 b5 19.Bd4 e5 20.Be3 b4 21.Nd1 Rc6 22.
Bg5 Nh7 23.c3 a5 24.Qe1 Be6 25.Nf2 Qb7 26.Rd1 Rec8 27.Ka1 Qb5 28.Rb1 d5 
29.Qd2 Nxg5 30.hxg5 d4 31.Rhc1 Bc4 32.Ng1 dxc3 33.bxc3 Bf8 34.Qd1 Bc5 35.
Nfh3 Qa6 36.f4 exf4 37.Qd2 R6c7 38.Qd1 bxc3 39.Rxc3 Bb4 40.Rcc1 Qe6 41.
Nxf4 Qe5+ 0-1

[Event "14th ECh U20 Girls"]
[Site "Tallinn EST"]
[Date "1997.09.13"]
[Round "4"]
[White "Javakhishvili, Eka"]
[Black "Andreescu, Nicoleta Aurora"]
[Result "1-0"]
[WhiteElo "2105"]
[BlackElo "2120"]
[EventDate "1997.09.10"]
[PlyCount "93"]

1.d4 Nf6 2.Nf3 g6 3.c4 Bg7 4.Nc3 d5 5.Qb3 dxc4 6.Qxc4 O-O 7.e4 a6 8.e5 b5 
9.Qb3 Ng4 10.h3 Nh6 11.Bd3 Nf5 12.Be4 c6 13.Qd1 Qb6 14.g4 Nh6 15.Be3 f5 
16.exf6 exf6 17.d5 c5 18.d6 Bb7 19.O-O Nd7 20.Nd5 Qa7 21.Rc1 Rae8 22.Ne7+ 
Kh8 23.Bxb7 Qxb7 24.Bxc5 Nxc5 25.Rxc5 Nf7 26.Rc7 Qb6 27.Rc6 Qb7 28.Rc7 Qb6
29.Rc6 Qb7 30.Nd4 Nxd6 31.Nxg6+ hxg6 32.Rxd6 Re7 33.Ne6 Rfe8 34.Nxg7 Kxg7 
35.Qd4 Qf3 36.g5 Rf7 37.gxf6+ Rxf6 38.Rc1 Re7 39.Rxf6 Qxf6 40.Qxf6+ Kxf6 
41.Rc6+ Re6 42.Rxe6+ Kxe6 43.Kg2 Ke5 44.Kg3 Kd4 45.h4 b4 46.f4 Kd3 47.h5 
1-0

[Event "14th ECh U20 Girls"]
[Site "Tallinn EST"]
[Date "1997.09.13"]
[Round "4"]
[White "Aksiuczyc, Monika"]
[Black "Vark, Liina"]
[Result "1-0"]
[WhiteElo "2180"]
[BlackElo "2040"]
[EventDate "1997.09.10"]
[PlyCount "69"]

1.e4 e5 2.Nf3 Nc6 3.Bc4 Bc5 4.b4 Bxb4 5.c3 Be7 6.d4 Na5 7.Be2 exd4 8.Qxd4 
Nf6 9.e5 Nc6 10.Qh4 Nd5 11.Qg3 g6 12.O-O d6 13.Rd1 Be6 14.c4 Ndb4 15.a3 
Na6 16.Nc3 Qc8 17.Ne4 Nc5 18.Nxc5 dxc5 19.Bh6 Bf5 20.Bg7 Rg8 21.Bf6 Bxf6 
22.exf6 Qe6 23.Ng5 Qxf6 24.Nxh7 Qe7 25.Bf3 Rh8 26.Bxc6+ bxc6 27.Re1 Be6 
28.Qf3 O-O-O 29.Nf6 Qd6 30.g3 Bxc4 31.Qg4+ Be6 32.Qa4 Kb8 33.Rab1+ Ka8 34.
Re4 Bd5 35.Qxa7+ 1-0

[Event "14th ECh U20 Girls"]
[Site "Tallinn EST"]
[Date "1997.09.13"]
[Round "4"]
[White "Sorli, Maja"]
[Black "Lang, Heather"]
[Result "1-0"]
[WhiteElo "2005"]
[BlackElo "2060"]
[EventDate "1997.09.10"]
[PlyCount "65"]

1.e4 e5 2.Nf3 Nc6 3.Bc4 Nf6 4.d4 exd4 5.e5 d5 6.Bb5 Ne4 7.Nxd4 Bc5 8.Be3 
Bd7 9.Bxc6 bxc6 10.f3 Qh4+ 11.g3 Nxg3 12.Bf2 Qh3 13.Rg1 Bxd4 14.Qxd4 Nf5 
15.Qf4 O-O 16.Nd2 Rab8 17.O-O-O a5 18.Bc5 Rfe8 19.Rg5 h6 20.Rg4 Rb5 21.Ba3
Ne7 22.Rg3 Ng6 23.Qa4 Qxh2 24.Rdg1 Rxe5 25.c4 dxc4 26.Qxc4 Be6 27.Qxc6 
Rbd5 28.Ne4 Qe2 29.Nf6+ gxf6 30.Rxg6+ fxg6 31.Qe8+ Kg7 32.Qxg6+ Kh8 33.
Qg7# 1-0

[Event "14th ECh U20 Girls"]
[Site "Tallinn EST"]
[Date "1997.09.14"]
[Round "5"]
[White "Tkeshelashvili, Sopio"]
[Black "Zielinska, Marta"]
[Result "1-0"]
[WhiteElo "2270"]
[BlackElo "2335"]
[EventDate "1997.09.10"]
[PlyCount "139"]

1.d4 Nf6 2.Bg5 d6 3.Bxf6 exf6 4.e3 g6 5.g3 Bg7 6.Bg2 f5 7.Ne2 Nd7 8.c4 O-O
9.Nbc3 Nf6 10.O-O Re8 11.Qc2 h5 12.h4 Ng4 13.Nf4 c6 14.Nh3 Bh6 15.Rae1 Bd7
16.Qd3 Qf6 17.Nd1 Bg7 18.f3 Nh6 19.Ndf2 Qd8 20.Kh2 Re7 21.Nf4 Qb6 22.Re2 
Rae8 23.Rfe1 Kh8 24.Qa3 Be6 25.b3 Rd8 26.N2d3 Bf6 27.Bh3 Bc8 28.b4 a6 29.
Qb3 Rde8 30.b5 axb5 31.cxb5 Be6 32.Nxe6 Rxe6 33.Nf4 R6e7 34.bxc6 Qxb3 35.
axb3 bxc6 36.b4 Rb7 37.Rc1 Rxb4 38.Rxc6 Be7 39.Rc7 Bf8 40.Kg2 Kg7 41.Kf2 
Ng8 42.Bf1 Rb3 43.Re1 Rb2+ 44.Be2 Nf6 45.Ra1 Re7 46.Rc8 Re8 47.Rxe8 Nxe8 
48.Ra7 Nf6 49.Rc7 Ne8 50.Ra7 Nf6 51.Ke1 Rb4 52.Kd2 Kg8 53.Kc3 Rb1 54.Bc4 
d5 55.Nxd5 Ne8 56.Ne7+ Kg7 57.Nc8 Nd6 58.Nxd6 Bxd6 59.Rxf7+ Kh6 60.f4 Bb4+
61.Kd3 Be1 62.Ra7 Rb8 63.Ra1 Bxg3 64.Rh1 Rb2 65.Bf7 Bh2 66.d5 Rb7 67.Be8 
Bg3 68.d6 Rb6 69.d7 Rd6+ 70.Ke2 1-0

[Event "14th ECh U20 Girls"]
[Site "Tallinn EST"]
[Date "1997.09.14"]
[Round "5"]
[White "Radziewicz, Iweta"]
[Black "Trofimova, Olga"]
[Result "1-0"]
[WhiteElo "2220"]
[BlackElo "2335"]
[EventDate "1997.09.10"]
[PlyCount "47"]

1.d4 d5 2.c4 e6 3.Nf3 c6 4.Qc2 Nf6 5.Bf4 Bb4+ 6.Nbd2 Ne4 7.a3 Qa5 8.Rc1 
Be7 9.e3 O-O 10.Bd3 f5 11.g4 g5 12.Be5 fxg4 13.b4 Qxa3 14.Nxe4 dxe4 15.
Bxe4 Rf7 16.O-O Qxb4 17.Bxh7+ Rxh7 18.Qg6+ Kf8 19.Qxh7 Nd7 20.Qg6 Bf6 21.
Bxf6 gxf3 22.Qg7+ Ke8 23.Qg8+ Nf8 24.c5 1-0

[Event "14th ECh U20 Girls"]
[Site "Tallinn EST"]
[Date "1997.09.14"]
[Round "5"]
[White "Aksiuczyc, Monika"]
[Black "Bobrowska, Monika"]
[Result "0-1"]
[WhiteElo "2180"]
[BlackElo "2360"]
[EventDate "1997.09.10"]
[PlyCount "90"]

1.c4 e5 2.Nc3 Nc6 3.g3 d6 4.Bg2 g6 5.e3 Bg7 6.Nge2 h5 7.d4 h4 8.b4 h3 9.
Bf1 Nxb4 10.Qa4+ Nc6 11.d5 Bd7 12.Qa3 Nce7 13.Rb1 b6 14.f4 Nh6 15.fxe5 
Bxe5 16.e4 Neg8 17.Bf4 Ng4 18.Nb5 N8f6 19.Qd3 a6 20.Nbd4 Qe7 21.Nc3 Bxf4 
22.gxf4 Nh5 23.Qf3 Qh4+ 24.Kd2 Ngf6 25.f5 g5 26.Qxh3 Qf4+ 27.Qe3 Ng3 28.
Qxf4 gxf4 29.hxg3 Rxh1 30.gxf4 Rh4 31.Ke3 Kf8 32.e5 Ng4+ 33.Ke4 Nxe5 34.
Ke3 Ng4+ 35.Kf3 Nh6 36.Kg3 Rh1 37.Bd3 Rxb1 38.Bxb1 Re8 39.Ne6+ fxe6 40.
fxe6 Bc8 41.Kh4 Kg7 42.Kg5 Rh8 43.f5 Ng8 44.Ne4 Rh1 45.Bc2 Rg1+ 0-1

[Event "14th ECh U20 Girls"]
[Site "Tallinn EST"]
[Date "1997.09.14"]
[Round "5"]
[White "Savitskaya, Ekaterina"]
[Black "Mashinskaya, Yulia"]
[Result "1/2-1/2"]
[WhiteElo "2260"]
[BlackElo "2265"]
[EventDate "1997.09.10"]
[PlyCount "139"]

1.d4 d5 2.c4 c6 3.Nf3 Nf6 4.Nc3 dxc4 5.a4 Bf5 6.e3 e6 7.Bxc4 Bb4 8.O-O 
Nbd7 9.Qe2 Bg6 10.Ne5 Nxe5 11.dxe5 Nd7 12.Na2 Be7 13.f4 Nb6 14.Rd1 Qc7 15.
Bb3 Rd8 16.e4 Rxd1+ 17.Bxd1 O-O 18.Nc3 Bc5+ 19.Be3 Bh5 20.Qf2 Bxe3 21.Qxe3
Bxd1 22.Rxd1 Rd8 23.Rd4 h6 24.a5 Nc8 25.b4 b6 26.a6 Rxd4 27.Qxd4 c5 28.Qc4
Ne7 29.b5 Qd7 30.Ne2 Qd1+ 31.Kf2 Ng6 32.g3 h5 33.h4 Nf8 34.Ke3 Qd7 35.Qd3 
f6 36.exf6 gxf6 37.Nc3 Qxd3+ 38.Kxd3 Kf7 39.Na4 Nd7 40.Nb2 Ke7 41.Nc4 Kd8 
42.Ke2 Kc7 43.Kf3 f5 44.exf5 exf5 45.Ne3 Kd6 46.Nxf5+ Kd5 47.g4 hxg4+ 48.
Kxg4 c4 49.h5 c3 50.Ne3+ Ke6 51.Kg5 Kf7 52.Kf5 Nf6 53.Ke5 Nxh5 54.f5 Ng3 
55.Nc2 Ke7 56.Nb4 Kf7 57.Kf4 Ne2+ 58.Ke3 Ng3 59.Nc6 Nxf5+ 60.Kd3 Nd6 61.
Nxa7 Ke8 62.Kxc3 Kd7 63.Kd4 Kc7 64.Kd5 Kd7 65.Kd4 Kc7 66.Kc3 Kb8 67.Nc6+ 
Ka8 68.Nd4 Ka7 69.Kd2 Nxb5 70.Nxb5+ 1/2-1/2

[Event "14th ECh U20 Girls"]
[Site "Tallinn EST"]
[Date "1997.09.14"]
[Round "5"]
[White "Abbasova, Aiguioun"]
[Black "Kononenko, Tatiana"]
[Result "0-1"]
[WhiteElo "2190"]
[BlackElo "2275"]
[EventDate "1997.09.10"]
[PlyCount "72"]

1.e4 e6 2.d4 d5 3.e5 c5 4.c3 Nc6 5.Nf3 Qb6 6.a3 c4 7.Nbd2 Na5 8.Be2 Bd7 9.
Rb1 h6 10.O-O O-O-O 11.Re1 Ne7 12.Nf1 Nec6 13.Be3 Kb8 14.N3d2 f6 15.exf6 
gxf6 16.b3 cxb3 17.Nxb3 Nxb3 18.Rxb3 Qc7 19.Nd2 Bd6 20.h3 Na5 21.Rb1 Rc8 
22.Bb5 Bxb5 23.Rxb5 Qxc3 24.Nb1 Qc7 25.Qa4 Nc4 26.Rc1 Qd7 27.Re1 Nxe3 28.
fxe3 Rc4 29.Qb3 Rhc8 30.e4 Rc1 31.Rxc1 Rxc1+ 32.Kf2 Qg7 33.g4 Qc7 34.Nd2 
Bg3+ 35.Ke2 Re1+ 36.Kd3 Bf2 0-1

[Event "14th ECh U20 Girls"]
[Site "Tallinn EST"]
[Date "1997.09.14"]
[Round "5"]
[White "Jap Tjoen San, Linda"]
[Black "Cmilyte, Viktorija"]
[Result "0-1"]
[WhiteElo "2175"]
[BlackElo "2220"]
[EventDate "1997.09.10"]
[PlyCount "74"]

1.e4 c5 2.Nf3 Nc6 3.d4 cxd4 4.Nxd4 e5 5.Nb5 d6 6.c4 Be7 7.N1c3 a6 8.Na3 
Be6 9.Be2 Nf6 10.Be3 Rc8 11.O-O O-O 12.f3 Ne8 13.Qd2 h6 14.Rfd1 Bg5 15.Nc2
Bxe3+ 16.Qxe3 Na5 17.c5 Qe7 18.b4 Nc4 19.Bxc4 Bxc4 20.Na3 Be6 21.Nd5 Bxd5 
22.exd5 a5 23.c6 bxc6 24.bxa5 cxd5 25.Rxd5 Nc7 26.Rd3 d5 27.Rb1 Rfe8 28.
Rb7 d4 29.Qe1 Qc5 30.Qb4 Qc1+ 31.Kf2 Ne6 32.Rb5 Nf4 33.Rd2 e4 34.Kg3 Nd3 
35.Rxd3 exd3 36.Qxd4 Qxa3 37.Rb7 Qxa5 0-1

[Event "14th ECh U20 Girls"]
[Site "Tallinn EST"]
[Date "1997.09.14"]
[Round "5"]
[White "Javakhishvili, Eka"]
[Black "Werner, Isabel"]
[Result "0-1"]
[WhiteElo "2105"]
[BlackElo "2220"]
[EventDate "1997.09.10"]
[PlyCount "85"]

1.d4 c5 2.d5 e5 3.e4 d6 4.Bd3 Be7 5.h3 Bg5 6.Nf3 Bxc1 7.Qxc1 Nf6 8.Nc3 O-O
9.O-O a6 10.a4 b6 11.Nd2 Nbd7 12.Nc4 Qc7 13.f4 Re8 14.Nd1 Rb8 15.b3 exf4 
16.Qxf4 Ne5 17.Nxe5 Rxe5 18.Ne3 b5 19.axb5 axb5 20.c4 b4 21.Ra2 Qe7 22.
Raf2 Ra8 23.g4 Ra7 24.Nf5 Bxf5 25.exf5 h6 26.h4 Nh7 27.Qh2 f6 28.Re2 Rxe2 
29.Qxe2 Qxe2 30.Bxe2 Nf8 31.Rf3 Nd7 32.Re3 Ne5 33.Kf2 Kf7 34.Kg3 Ra3 35.
Kf4 Ra1 36.g5 hxg5+ 37.hxg5 fxg5+ 38.Kxg5 Rg1+ 39.Kf4 Kf6 40.Rh3 Rg2 41.
Bd3 Rf2+ 42.Ke3 Ng4+ 43.Ke4 0-1

[Event "14th ECh U20 Girls"]
[Site "Tallinn EST"]
[Date "1997.09.14"]
[Round "5"]
[White "Ciganikova, Andrea"]
[Black "Dubinskaya, Mariana"]
[Result "1-0"]
[WhiteElo "2140"]
[BlackElo "2100"]
[EventDate "1997.09.10"]
[PlyCount "91"]

1.e4 e6 2.d4 b6 3.Nc3 Bb7 4.a3 Nf6 5.e5 Nd5 6.Nxd5 Bxd5 7.Qg4 d6 8.Bg5 Qd7
9.Be2 Bb7 10.Nf3 Nc6 11.O-O-O h6 12.Bh4 g5 13.d5 exd5 14.Qxd7+ Kxd7 15.Bg3
Re8 16.Rxd5 Bg7 17.Re1 Nxe5 18.Bxe5 Bxd5 19.Bxg7 Rhg8 20.Bc3 g4 21.Nh4 c6 
22.Kd2 h5 23.g3 Be6 24.Bd3 d5 25.Ng2 f5 26.Nf4 Bf7 27.Bxf5+ Kd6 28.Rxe8 
Rxe8 29.b3 c5 30.Kd3 d4 31.Bd2 b5 32.Bg6 Bxg6+ 33.Nxg6 Ke6 34.b4 Kf5 35.
Nh4+ Ke5 36.bxc5 Kd5 37.f4 Kxc5 38.Nf5 Rd8 39.Bb4+ Kb6 40.Nxd4 a5 41.Be7 
Re8 42.Bd6 Rd8 43.Be5 Rd5 44.Ke4 Rc5 45.f5 Rc3 46.f6 1-0

[Event "14th ECh U20 Girls"]
[Site "Tallinn EST"]
[Date "1997.09.14"]
[Round "5"]
[White "Vark, Liina"]
[Black "Miloradovic, Jelena"]
[Result "0-1"]
[WhiteElo "2040"]
[BlackElo "2105"]
[EventDate "1997.09.10"]
[PlyCount "82"]

1.d4 e6 2.c4 b6 3.Nf3 Bb7 4.g3 f5 5.Bg2 Nf6 6.O-O Bd6 7.Nc3 O-O 8.Nb5 Be7 
9.Bf4 Na6 10.a3 Nh5 11.Bd2 f4 12.g4 Nf6 13.Bxf4 Nxg4 14.e3 Nf6 15.h3 d6 
16.Kh1 Qd7 17.Rg1 Nh5 18.Bh2 Rf5 19.Nc3 Raf8 20.e4 R5f7 21.Ng5 Bxg5 22.
Qxh5 Qe7 23.Bg3 Nb8 24.Raf1 g6 25.Qg4 h5 26.Qe2 Kh7 27.Qd3 h4 28.f4 Bxf4 
29.Bxf4 Rxf4 30.Rxf4 Rxf4 31.Bf3 Qf6 32.Bg4 Rf2 33.Rg2 Rf1+ 34.Rg1 Rf2 35.
Rg2 Rf4 36.Kg1 Nc6 37.Rd2 a6 38.Nd1 e5 39.d5 Nd4 40.Kg2 Qg5 41.Kh1 Rxe4 
0-1

[Event "14th ECh U20 Girls"]
[Site "Tallinn EST"]
[Date "1997.09.14"]
[Round "5"]
[White "Martyniuk, Tatiana"]
[Black "Sorli, Maja"]
[Result "1-0"]
[WhiteElo "2120"]
[BlackElo "2005"]
[EventDate "1997.09.10"]
[PlyCount "59"]

1.d4 d5 2.Nf3 Nf6 3.e3 e6 4.Bd3 c5 5.b3 Bd6 6.O-O b6 7.Bb2 O-O 8.Nbd2 Ba6 
9.c4 Nc6 10.Ne5 Bb7 11.Rc1 Nb4 12.Bb1 Ne4 13.a3 Nxd2 14.Qxd2 Nc6 15.Qc2 f5
16.Nd3 cxd4 17.exd4 Qh4 18.f4 Rf6 19.c5 Bc7 20.b4 Raf8 21.Qe2 Rh6 22.g3 
Qh3 23.Rf2 Ne7 24.a4 Rff6 25.Rg2 Rhg6 26.b5 Bc8 27.Ba3 bxc5 28.Bxc5 Rf7 
29.Bxa7 Bd8 30.Ne5 1-0

[Event "14th ECh U20 Girls"]
[Site "Tallinn EST"]
[Date "1997.09.15"]
[Round "6"]
[White "Bobrowska, Monika"]
[Black "Mashinskaya, Yulia"]
[Result "1/2-1/2"]
[WhiteElo "2360"]
[BlackElo "2265"]
[EventDate "1997.09.10"]
[PlyCount "131"]

1.d4 d5 2.Nf3 Nf6 3.c4 c6 4.Nc3 dxc4 5.e3 b5 6.a4 b4 7.Nb1 Ba6 8.Be2 e6 9.
O-O Be7 10.Nbd2 c3 11.bxc3 bxc3 12.Nb1 Qa5 13.Ne5 Bxe2 14.Qxe2 O-O 15.Qd3 
c5 16.Ba3 Rc8 17.Rc1 cxd4 18.Bxe7 Qxe5 19.exd4 Qe4 20.Qg3 Nbd7 21.Nxc3 
Qxd4 22.Nb5 Rxc1+ 23.Rxc1 Qxa4 24.Qc7 h6 25.Nc3 Qa6 26.Nd1 Qb6 27.Qc2 Nd5 
28.Qd2 Nxe7 29.Qxd7 Nd5 30.g3 Rd8 31.Qa4 a5 32.Ra1 Ra8 33.Qe4 Qb4 34.Qc2 
a4 35.Qc6 Rd8 36.Qxa4 Qxa4 37.Rxa4 Nb6 38.Ra1 Nc4 39.Nc3 Rd2 40.Ra2 Rd3 
41.Ne4 e5 42.Rc2 Rd4 43.Nc3 e4 44.Ne2 Rd1+ 45.Kg2 Ne5 46.Rc8+ Kh7 47.Re8 
f6 48.Nc3 Re1 49.Nxe4 Rxe4 50.f4 Re2+ 51.Kf1 Rxh2 52.fxe5 fxe5 53.Rxe5 Kg6
54.Rb5 Rc2 55.Ra5 Kf6 56.Rb5 g6 57.Ra5 Rd2 58.Rb5 Ke6 59.Ra5 Rd5 60.Ra8 
Kf5 61.Kg2 g5 62.Ra2 h5 63.Rb2 Ke4 64.Re2+ Kd3 65.Re8 g4 66.Re7 1/2-1/2

[Event "14th ECh U20 Girls"]
[Site "Tallinn EST"]
[Date "1997.09.15"]
[Round "6"]
[White "Trofimova, Olga"]
[Black "Cmilyte, Viktorija"]
[Result "1-0"]
[WhiteElo "2335"]
[BlackElo "2220"]
[EventDate "1997.09.10"]
[PlyCount "161"]

1.c4 e5 2.Nc3 Nc6 3.g3 g6 4.Bg2 Bg7 5.Rb1 a5 6.a3 d6 7.b4 axb4 8.axb4 f5 
9.b5 Nce7 10.e3 Nf6 11.Nd5 Nexd5 12.cxd5 b6 13.Ne2 Bb7 14.Qb3 Qe7 15.d3 e4
16.dxe4 fxe4 17.Nc3 O-O 18.O-O Kh8 19.Bb2 Rae8 20.Rbd1 Qf7 21.Rd4 Re5 22.
Nxe4 Bxd5 23.Qd3 Bxe4 24.Rxe4 Rxe4 25.Bxe4 Nxe4 26.Bxg7+ Kxg7 27.Qxe4 Qd7 
28.Rc1 Rf5 29.Qg4 Kg8 30.Qc4+ Rf7 31.Qd5 Kg7 32.Rc6 Qe7 33.Qc4 Qf6 34.Qc2 
Qe7 35.Qc3+ Kg8 36.h4 Qd7 37.e4 Qe7 38.f3 Qd7 39.Kg2 Qe7 40.Qb3 Kf8 41.Rc2
Qe5 42.Qb2 Qxb2 43.Rxb2 Ke7 44.f4 Kd7 45.Rc2 Rf8 46.Ra2 Rf7 47.Ra7 Ke6 48.
Ra3 h6 49.Kf3 g5 50.f5+ Ke5 51.hxg5 hxg5 52.Rd3 Rh7 53.Rd5+ Kf6 54.Rd4 Ke5
55.Rd5+ Kf6 56.Rd1 Rh2 57.Rc1 Rh7 58.Kg4 Re7 59.Kf3 Rh7 60.Rc2 Ke5 61.Kg4 
Kf6 62.e5+ Kxe5 63.Re2+ Kf6 64.Re6+ Kf7 65.Kxg5 Rh3 66.g4 Rb3 67.Rh6 Rxb5 
68.Rh7+ Ke8 69.Rxc7 Rc5 70.Rb7 Rc1 71.Kf6 d5 72.Rxb6 Kd7 73.g5 d4 74.Rb2 
Rc6+ 75.Kf7 Rc5 76.Kg6 Rc6+ 77.f6 d3 78.Rd2 Rd6 79.Kf7 Kd8 80.g6 Rd7+ 81.
Kf8 1-0

[Event "14th ECh U20 Girls"]
[Site "Tallinn EST"]
[Date "1997.09.15"]
[Round "6"]
[White "Kononenko, Tatiana"]
[Black "Tkeshelashvili, Sopio"]
[Result "1/2-1/2"]
[WhiteElo "2275"]
[BlackElo "2270"]
[EventDate "1997.09.10"]
[PlyCount "68"]

1.g3 d5 2.Bg2 Nf6 3.Nf3 Bg4 4.b3 Nbd7 5.Bb2 e6 6.d3 Bd6 7.Nbd2 O-O 8.O-O 
c6 9.e4 e5 10.Re1 Re8 11.Qe2 a5 12.a4 Qe7 13.h3 Bh5 14.g4 Bg6 15.Nh4 dxe4 
16.dxe4 Bc5 17.Nxg6 fxg6 18.Nf3 Rf8 19.Rad1 Kh8 20.Qc4 g5 21.Rd2 h6 22.
Red1 Rae8 23.Bc3 Bb6 24.b4 axb4 25.Bxb4 Bc5 26.Rb1 Bxb4 27.Qxb4 Qxb4 28.
Rxb4 Nc5 29.Ne1 Rd8 30.Nd3 Nfd7 31.Nb2 Rfe8 32.Nc4 Nb8 33.a5 Nba6 34.Rb1 
Kh7 1/2-1/2

[Event "14th ECh U20 Girls"]
[Site "Tallinn EST"]
[Date "1997.09.15"]
[Round "6"]
[White "Werner, Isabel"]
[Black "Savitskaya, Ekaterina"]
[Result "1-0"]
[WhiteElo "2220"]
[BlackElo "2260"]
[EventDate "1997.09.10"]
[PlyCount "119"]

1.e4 c5 2.c3 d6 3.d4 Nf6 4.Bd3 cxd4 5.cxd4 g6 6.Nf3 Bg7 7.Nc3 O-O 8.h3 e5 
9.O-O exd4 10.Nxd4 Nc6 11.Nxc6 bxc6 12.Bf4 Be6 13.Qa4 Qb6 14.Bxd6 Rfd8 15.
Qa3 Qd4 16.Be7 Rd7 17.Rad1 Qe5 18.Bc2 Rxd1 19.Rxd1 Nh5 20.Qc5 Qxc5 21.Bxc5
Nf4 22.Bd4 Rb8 23.b3 c5 24.Bxg7 Kxg7 25.e5 g5 26.Ne4 Bf5 27.Rd2 Bxe4 28.
Bxe4 Re8 29.Rd7 Rxe5 30.Bf3 Re1+ 31.Kh2 a6 32.Ra7 Re6 33.Rc7 Nd3 34.Kg3 
Nc1 35.Rxc5 Nxa2 36.Rxg5+ Kf6 37.Rh5 Kg6 38.Rh4 h6 39.Be4+ Kg7 40.Bd5 Rd6 
41.Rg4+ Kf8 42.Bc4 Nc3 43.Rf4 f6 44.Rg4 a5 45.Rg8+ Ke7 46.Rg7+ Ke8 47.Ra7 
Ne4+ 48.Kf3 Nd2+ 49.Ke3 Nxc4+ 50.bxc4 Re6+ 51.Kd3 Re5 52.g4 h5 53.f4 Re1 
54.Rxa5 hxg4 55.hxg4 Rf1 56.Ke4 Rc1 57.Rc5 Ke7 58.Kf5 Kd6 59.Rc8 Kd7 60.
Rf8 1-0

[Event "14th ECh U20 Girls"]
[Site "Tallinn EST"]
[Date "1997.09.15"]
[Round "6"]
[White "Zielinska, Marta"]
[Black "Martyniuk, Tatiana"]
[Result "1-0"]
[WhiteElo "2335"]
[BlackElo "2120"]
[EventDate "1997.09.10"]
[PlyCount "69"]

1.d4 d5 2.c4 e6 3.Nc3 f5 4.Nf3 Be7 5.Bf4 c6 6.e3 Nf6 7.Bd3 Ne4 8.Qc2 Nd7 
9.h3 Nb6 10.Ne5 Bh4 11.Rf1 Be7 12.g4 Nxc3 13.bxc3 dxc4 14.Nxc4 Nd5 15.gxf5
exf5 16.Be5 O-O 17.Rg1 Rf7 18.e4 b5 19.Nd2 Nf6 20.exf5 Bd6 21.Nf3 Re7 22.
O-O-O Rb7 23.Qb3+ Nd5 24.f6 Bxe5 25.dxe5 Be6 26.Ng5 Qe8 27.Bxh7+ Kh8 28.
Bc2 Bg8 29.c4 Nf4 30.Qe3 Qf8 31.Rg3 Nh5 32.f7 Bxf7 33.Nxf7+ Qxf7 34.Rg5 
bxc4 35.Bg6 1-0

[Event "14th ECh U20 Girls"]
[Site "Tallinn EST"]
[Date "1997.09.15"]
[Round "6"]
[White "Miloradovic, Jelena"]
[Black "Abbasova, Aiguioun"]
[Result "1/2-1/2"]
[WhiteElo "2105"]
[BlackElo "2190"]
[EventDate "1997.09.10"]
[PlyCount "35"]

1.c4 f5 2.Nc3 Nf6 3.d4 g6 4.g3 Bg7 5.Bg2 d6 6.d5 O-O 7.Nh3 c6 8.O-O e5 9.
dxe6 Bxe6 10.Qb3 Qe7 11.Ng5 Bf7 12.Nxf7 Rxf7 13.Qc2 Na6 14.h3 Nc5 15.Be3 
Nfe4 16.Bxc5 Nxc3 17.Be3 Ne4 18.Bd2 1/2-1/2

[Event "14th ECh U20 Girls"]
[Site "Tallinn EST"]
[Date "1997.09.15"]
[Round "6"]
[White "Jap Tjoen San, Linda"]
[Black "Pallova, Romana"]
[Result "1-0"]
[WhiteElo "2175"]
[BlackElo "2105"]
[EventDate "1997.09.10"]
[PlyCount "45"]

1.e4 e5 2.Nf3 Nc6 3.Bc4 Bc5 4.c3 Nf6 5.b4 Bb6 6.d3 d6 7.a4 a6 8.h3 h6 9.
O-O Be6 10.Nbd2 Qd7 11.Bxe6 Qxe6 12.Nc4 Ba7 13.Ne3 Ne7 14.Re1 g5 15.Nh2 h5
16.Qf3 Bxe3 17.Qxe3 g4 18.d4 Ng6 19.d5 Qd7 20.h4 Nxe4 21.Qxe4 f5 22.Qe3 
Nxh4 23.Qg5 1-0

[Event "14th ECh U20 Girls"]
[Site "Tallinn EST"]
[Date "1997.09.15"]
[Round "6"]
[White "Ciganikova, Andrea"]
[Black "Javakhishvili, Eka"]
[Result "0-1"]
[WhiteElo "2140"]
[BlackElo "2105"]
[EventDate "1997.09.10"]
[PlyCount "80"]

1.e4 c5 2.Nf3 Nc6 3.d4 cxd4 4.Nxd4 Nf6 5.Nc3 d6 6.Be2 g6 7.O-O Bg7 8.Nb3 
O-O 9.Re1 Be6 10.Bf1 Rc8 11.Nd5 Bxd5 12.exd5 Nb4 13.c4 b5 14.a3 bxc4 15.
axb4 cxb3 16.Qxb3 Rc7 17.Be3 Qa8 18.Ra5 Ng4 19.Bg5 Bd4 20.Bh4 Rfc8 21.Re4 
Bb6 22.Rxg4 Bxa5 23.bxa5 Rb7 24.Qd3 Rxb2 25.Rc4 Rxc4 26.Qxc4 Qb7 27.a6 Qb6
28.h3 h5 29.Be2 Rb1+ 30.Kh2 g5 31.Bxg5 Qxf2 32.Qc8+ Kg7 33.Qc3+ f6 34.Bf3 
h4 35.Bc1 Qg3+ 36.Kg1 Qf4 37.Kf2 Rxc1 38.Qd3 Qg3+ 39.Ke3 Qe5+ 40.Qe4 Re1+ 
0-1